Les milieux de terrain en 2023 (photo) - Statistiques

Statistiques générales
  • Ce quiz a été pris 133 fois
  • Le résultat moyen est 28 sur 30
Statistiques - réponses
Par images Réponse % Correct
Luka Modric
100%
Marco Verratti
100%
N'Golo Kanté
100%
Paul Pogba
100%
Thomas Müller
100%
Toni Kroos
100%
Kevin de Bruyne
99%
Aurélien Tchouaméni
98%
Joshua Kimmich
98%
Casemiro
97%
Edouardo Camavinga
97%
Martin Ødegaard
97%
Pedri
97%
Federico Valverde
96%
Gavi
96%
Ilkay Gündogan
96%
Jude Bellingham
96%
Fabinho
95%
Frenkie de Jong
95%
Rodri
95%
Leon Goretzka
93%
Bruno Fernandes
92%
Marcelo Brozovic
88%
Enzo Fernandez
87%
Declan Rice
84%
Nicollo Barella
83%
Jorginho
82%
Sandro Tonali
81%
Sergej Milinkovic-Savic
77%
Mason Mount
76%
Aucun quiz correspondant
Distribution des résultats
% des personnes avec chaque résultat
Percentile par nombre de réponses
Votre historique - résultats
Vous n’avez pas pris ce quiz